|
|
|
|
| LEADER |
02697nam a22005775i 4500 |
| 001 |
978-3-319-47810-4 |
| 003 |
DE-He213 |
| 005 |
20170307141845.0 |
| 007 |
cr nn 008mamaa |
| 008 |
170307s2017 gw | s |||| 0|eng d |
| 020 |
|
|
|a 9783319478104
|9 978-3-319-47810-4
|
| 024 |
7 |
|
|a 10.1007/978-3-319-47810-4
|2 doi
|
| 040 |
|
|
|d GrThAP
|
| 050 |
|
4 |
|a QC174.7-175.36
|
| 072 |
|
7 |
|a PHS
|2 bicssc
|
| 072 |
|
7 |
|a PHDT
|2 bicssc
|
| 072 |
|
7 |
|a SCI055000
|2 bisacsh
|
| 082 |
0 |
4 |
|a 621
|2 23
|
| 245 |
1 |
0 |
|a Emergent Complexity from Nonlinearity, in Physics, Engineering and the Life Sciences
|h [electronic resource] :
|b Proceedings of the XXIII International Conference on Nonlinear Dynamics of Electronic Systems, Como, Italy, 7-11 September 2015 /
|c edited by Giorgio Mantica, Ruedi Stoop, Sebastiano Stramaglia.
|
| 264 |
|
1 |
|a Cham :
|b Springer International Publishing :
|b Imprint: Springer,
|c 2017.
|
| 300 |
|
|
|a XXV, 222 p. 113 illus., 86 illus. in color.
|b online resource.
|
| 336 |
|
|
|a text
|b txt
|2 rdacontent
|
| 337 |
|
|
|a computer
|b c
|2 rdamedia
|
| 338 |
|
|
|a online resource
|b cr
|2 rdacarrier
|
| 347 |
|
|
|a text file
|b PDF
|2 rda
|
| 490 |
1 |
|
|a Springer Proceedings in Physics,
|x 0930-8989 ;
|v 191
|
| 520 |
|
|
|a This book collects contributions to the XXIII international conference “Nonlinear dynamics of electronic systems”. Topics range from non-linearity in electronic circuits to synchronisation effects in complex networks to biological systems, neural dynamics and the complex organisation of the brain. Resting on a solid mathematical basis, these investigations address highly interdisciplinary problems in physics, engineering, biology and biochemistry.
|
| 650 |
|
0 |
|a Physics.
|
| 650 |
|
0 |
|a Biochemistry.
|
| 650 |
|
0 |
|a Systems biology.
|
| 650 |
|
0 |
|a System theory.
|
| 650 |
|
0 |
|a Neural networks (Computer science).
|
| 650 |
|
0 |
|a Electronics.
|
| 650 |
|
0 |
|a Microelectronics.
|
| 650 |
1 |
4 |
|a Physics.
|
| 650 |
2 |
4 |
|a Complex Systems.
|
| 650 |
2 |
4 |
|a Electronics and Microelectronics, Instrumentation.
|
| 650 |
2 |
4 |
|a Systems Biology.
|
| 650 |
2 |
4 |
|a Mathematical Models of Cognitive Processes and Neural Networks.
|
| 650 |
2 |
4 |
|a Biochemistry, general.
|
| 650 |
2 |
4 |
|a Statistical Physics and Dynamical Systems.
|
| 700 |
1 |
|
|a Mantica, Giorgio.
|e editor.
|
| 700 |
1 |
|
|a Stoop, Ruedi.
|e editor.
|
| 700 |
1 |
|
|a Stramaglia, Sebastiano.
|e editor.
|
| 710 |
2 |
|
|a SpringerLink (Online service)
|
| 773 |
0 |
|
|t Springer eBooks
|
| 776 |
0 |
8 |
|i Printed edition:
|z 9783319478081
|
| 830 |
|
0 |
|a Springer Proceedings in Physics,
|x 0930-8989 ;
|v 191
|
| 856 |
4 |
0 |
|u http://dx.doi.org/10.1007/978-3-319-47810-4
|z Full Text via HEAL-Link
|
| 912 |
|
|
|a ZDB-2-PHA
|
| 950 |
|
|
|a Physics and Astronomy (Springer-11651)
|